000 00734nam a2200229Ii 4500
003 JO-AjNU
008 230605s9999||||xx |||||||||||||| ||und||
017 _a2013/9/3288
020 _a978-9957-94-088-1
040 _aJO-AjNU
_bara
_erda
_cJO-AjNU
041 _aara
050 1 4 _aDS154.9 2013
100 3 _aالمعاني، محمد عطالله,
_eauthor
_947960
245 0 0 _aتتبع أثر.... معان الشامية
264 3 1 _aعمان: وزارة الثقافة، 2013
300 _a119ص
336 _atext
_btxt
_2rdacontent
337 _aunmediated
_bn
_2rdamedia
338 _avolume
_bnc
_2rdacarrier
490 0 _aسلسلة كتب ثقافية؛ 176
650 4 _aتاريخ - الاردن - معان
_947961
999 _aA20972
_c24540
_d24540